000 00790nam a2200289Ia 4500
001 dia_5270
003 CHAP
005 20251023172654.0
008 220117s2003 xx 000 0 und d
010 _a176179
020 _a950-24-1011-4
040 _cCHAP
082 _a641.23 B37 2003
100 _aBarbado, José Luis
_910086
245 _aSecretos de la cerveza casera /
_c José Luis Barbado
260 _aArgentina :
_b Albatros,
_c2003
300 _a127 p.
503 _aC.
590 _aTP570 B37 2003
650 0 _aBeers
_9158054
650 _aCerveza
_921641
650 _aCerveza
_xPreparación doméstica
_9158061
901 _a641.23 B37 2003
902 _aM
905 _a5232272003 ag a 8222113312spa16
942 _cLIBRO
_2ddc
999 _c176179
_d176179